| 000 | 00932nam a2200241 a 4500 | ||
|---|---|---|---|
| 001 | 74116 | ||
| 003 | BD-RjUL | ||
| 005 | 20211209082509.0 | ||
| 008 | 180301s2016 bg d|||| b||| 00| 0 ben d | ||
| 020 |
_a9789849176497 _cTk. 450.00 |
||
| 035 | _a(BD-RjUL)74334 | ||
| 040 |
_aBD-RjUL _beng _cBD-RjUL |
||
| 041 | _aben | ||
| 082 |
_223 _a491.445 _bVOB 2016 |
||
| 100 | 1 |
_aভট্টাচার্য, শিশির _9220326 |
|
| 245 | 1 | 0 |
_aবাংলা ব্যাকরণের রুপরেখা / _cশিশির ভট্টাচার্য, |
| 260 |
_aঢাকা : _bপ্রথমা প্রকাশন , _c২০১৬ |
||
| 300 |
_a২৫৫ পৃ. : _bছবি ; _c২২ সেমি. |
||
| 504 | _aগ্রন্থপঞ্জি সম্বলিত | ||
| 650 |
_aবাংলা ভাষা _vব্যাকরণ _9220327 |
||
| 650 |
_aBengali Language _vGrammar _9220328 |
||
| 942 |
_2ddc _cBK |
||
| 999 |
_c74116 _d74116 |
||